Statistics for Saturday Stumper #10

Click here to take the quiz!

General Stats

  • This quiz has been taken 538 times
  • The average score is 19 of 27

Answer Stats

Hint Answer % Correct
ploreExplore
98%
rtainCurtain
91%
ughterLaughter
88%
ploreImplore
88%
ughterDaughter
87%
rtainCertain
85%
eftTheft
82%
viousEnvious
81%
ughterSlaughter
79%
neralGeneral
79%
neralFuneral
73%
ildChild
72%
ildBuild
71%
ildGuild
68%
eftCleft
67%
ploreDeplore
65%
rtainPertain
65%
viousObvious
65%
ociousPrecocious
65%
stenListen
63%
stenHasten
59%
viousDevious
57%
stenFasten
55%
eftBereft
55%
neralMineral
49%
ociousFerocious
42%
ociousAtrocious
27%

Score Distribution

Percentile by Number Answered

Percent of People with Each Score

Your Score History

You have not taken this quiz